| 000 | 01216cam a2200337 a 4500 | ||
|---|---|---|---|
| 001 | 15206501 | ||
| 003 | OSt | ||
| 005 | 20230602135631.0 | ||
| 008 | 080305s2007 caua 000 0 eng d | ||
| 010 | _a 2008297299 | ||
| 020 | _a9781403144881 | ||
| 020 | _a1403144885 | ||
| 035 | _a(OCoLC)ocn184741611 | ||
| 040 |
_aCLZ _cCLZ _dBAKER _dDPL _dDLC |
||
| 042 | _alccopycat | ||
| 050 | 0 | 0 |
_aBP605.S2 _bH833 2007 |
| 082 | 0 | 0 |
_a299/.936 _222 |
| 100 | 1 |
_aHubbard, L. Ron _q(La Fayette Ron), _d1911-1986. |
|
| 245 | 1 | 0 |
_aScientology : _ba new slant on life / _cL. Ron Hubbard. |
| 250 | _a[New ed.]. | ||
| 260 |
_aLos Angeles, Calif. : _bBridge Publications, Inc. _c2007. |
||
| 300 |
_a373 p. : _bill. ; _c25 cm. |
||
| 500 | _a"A Hubbard publication". | ||
| 500 | _aIncludes index. | ||
| 650 | 0 | _aScientology. | |
| 856 | 4 | 2 |
_3Publisher description _uhttp://www.loc.gov/catdir/enhancements/fy0827/2008297299-d.html |
| 856 | 4 | 2 |
_3Contributor biographical information _uhttp://www.loc.gov/catdir/enhancements/fy1109/2008297299-b.html |
| 906 |
_a7 _bcbc _ccopycat _d2 _encip _f20 _gy-gencatlg |
||
| 942 |
_2ddc _cBK |
||
| 999 |
_c157 _d157 |
||